Examen crítico-histórico del influjo que tuvo en el comercio, industria y población de España su dominación en América : (Record no. 25498)

MARC details
000 -LEADER
campo de control de longitud fija 01106nam a2200253 i 4500
001 - NÚMERO DE CONTROL
campo de control 25498
003 - IDENTIFICADOR DE NÚMERO DE CONTROL
campo de control ES-MaACL
005 - FECHA Y HORA DE LA ÚLTIMA TRANSACCIÓN
campo de control 20230906153259.0
007 - CAMPO FIJO DE DESCRIPCIÓN FÍSICA--INFORMACIÓN GENERAL
campo de control de longitud fija t|
008 - DATOS DE LONGITUD FIJA--INFORMACIÓN GENERAL
campo de control de longitud fija 021226s1854 sp ||||1| spa d
080 ## - NÚMERO DE LA CLASIFICACIÓN DECIMAL UNIVERSAL
Número de la Clasificación Decimal Universal 339.9(460:8=134.2)
080 ## - NÚMERO DE LA CLASIFICACIÓN DECIMAL UNIVERSAL
Número de la Clasificación Decimal Universal 339.9(8=134.2:460)
100 1# - ENTRADA PRINCIPAL--NOMBRE DE PERSONA
Nombre de persona Arias de Miranda, José.
9 (RLIN) 22773
245 10 - MENCIÓN DEL TÍTULO
Título Examen crítico-histórico del influjo que tuvo en el comercio, industria y población de España su dominación en América :
Resto del título obra premiada por la Real Academia de la Historia en el concurso de 1853 /
Mención de responsabilidad, etc. su autor José Arias y Miranda.
260 ## - PUBLICACIÓN, DISTRIBUCIÓN, ETC.
Lugar de publicación, distribución, etc. Madrid :
Nombre del editor, distribuidor, etc. [s.n.],
Fecha de publicación, distribución, etc. 1854 (
Fabricante Imp. Academia de la Historia)
300 ## - DESCRIPCIÓN FÍSICA
Extensión 176 p. ;
Dimensiones 28 cm.
530 ## - NOTA DISPONIBLE DE FORMULARIO FÍSICO ADICIONAL
Nota de formato físico adicional disponible Disponible en formato digital.
651 #4 - PUNTO DE ACCESO ADICIONAL DE MATERIA--NOMBRE GEOGRÁFICO
Nombre geográfico España-
Subdivisión general Relaciones económicas-
Subdivisión geográfica América española.
9 (RLIN) 166973
651 #4 - PUNTO DE ACCESO ADICIONAL DE MATERIA--NOMBRE GEOGRÁFICO
Nombre geográfico América española-
Subdivisión general Relaciones económicas-
Subdivisión geográfica España.
9 (RLIN) 166974
710 2# - ENTRADA AGREGADA--NOMBRE DE ENTIDAD CORPORATIVA
Nombre de entidad corporativa o nombre de jurisdicción como elemento de entrada Real Academia de la Historia (España)
9 (RLIN) 6309
852 4# - LOCALIZACIÓN
Ubicación ES-MaACL
Número de control de estantería T-53-F-1
852 4# - LOCALIZACIÓN
Ubicación ES-MaACL
Número de control de estantería F-2638
856 4# - LOCALIZACIÓN Y ACCESO ELECTRÓNICOS
Identificador Uniforme de Recursos <a href="http://bdh-rd.bne.es/viewer.vm?id=0000110099&page=1 ">http://bdh-rd.bne.es/viewer.vm?id=0000110099&page=1 </a>
Nota pública Biblioteca Digital Hispánica
Holdings
Estatus retirado Estado de pérdida Estado de daño No para préstamo Colección Biblioteca de origen Biblioteca actual Ubicación en estantería Fecha de adquisición Fuente de adquisición Total de préstamos Signatura topográfica completa Código de barras Visto por última vez Precio de reemplazo Tipo de ítem Koha
        Colección digital Biblioteca del Ateneo de Madrid Biblioteca del Ateneo de Madrid Depósito 2 17/01/2008     F-2638 1026292 23/02/2023 23/02/2023 Libro impreso antiguo
        Colección de folletos Biblioteca del Ateneo de Madrid Biblioteca del Ateneo de Madrid Depósito folletos 17/01/2008     T-53-F-1 1026291 23/02/2023 23/02/2023 Folleto